Priẏatameshu. (Record no. 70460)

MARC details
000 -LEADER
fixed length control field 00486cam a22002051 4500
001 - CONTROL NUMBER
control field sa 66006315
003 - CONTROL NUMBER IDENTIFIER
control field DLC
005 - DATE AND TIME OF LATEST TRANSACTION
control field 20260227112255.0
008 - FIXED-LENGTH DATA ELEMENTS--GENERAL INFORMATION
fixed length control field 890227s1966 xx 000 0 ben
010 ## - LIBRARY OF CONGRESS CONTROL NUMBER
LC control number sa 66006315
035 ## - SYSTEM CONTROL NUMBER
System control number (OCoLC)23569868
040 ## - CATALOGING SOURCE
Original cataloging agency DLC
Transcribing agency MiU
Modifying agency DLC
050 00 - LIBRARY OF CONGRESS CALL NUMBER
Classification number PK1718.D2616
Item number P7
100 1# - MAIN ENTRY--PERSONAL NAME
Personal name Das, Nabagopal,
Dates associated with a name 1910-
245 10 - TITLE STATEMENT
Title Priẏatameshu.
260 ## - PUBLICATION, DISTRIBUTION, ETC.
Date of publication, distribution, etc. [1966]
300 ## - PHYSICAL DESCRIPTION
Extent 112 p.
Dimensions 23 cm.
500 ## - GENERAL NOTE
General note In Bengali.
500 ## - GENERAL NOTE
General note Short stories.

No items available.

Powered by Koha